000 00512nam a2200169 i 4500
001 150149
003 ES-MaACL
005 20240608063003.0
007 t|
008 071026s1979 sp ||||1| cat d
100 1 _aValls Jordá, Joan,
_d1917-1989
_9112945
245 1 0 _aTemps de saó
_b: (poemes) /
_cJoan Valls Jordá.
260 _aAlicante :
_bCaja de Ahorros Provincial de Alicante,
_c1979.
300 _a85 p. ;
_c22 cm.
852 _aES-MaACL
_jA-10343
_bR.99345
999 _c150149
_d150149